000 00336 a2200157 4500
001 179036
020 _a
040 _cMagnum
100 _aCasasanta, Therezinha
240 1 0 _aSula brigou com a comida
_lpor
245 1 0 _aSula brigou com a comida
300 _a24
362 0 _a1991
697 _aLITERATURA INFANTO
942 _cBK
999 _c179036
_d179036